Penguin English tests with answers; Book 2&3 Tuyển tập bài thi trắc nghiệm tiếng Anh trình độ B

保存先:
書誌詳細
第一著者: Jake Allsop
フォーマット: 図書
言語:Undetermined
出版事項: Tp. HCM Nxb. Tp. HCM 1997
主題:
タグ: タグ追加
タグなし, このレコードへの初めてのタグを付けませんか!
Thư viện lưu trữ: Trung tâm Học liệu Trường Đại học Cần Thơ
LEADER 00679nam a2200205Ia 4500
001 CTU_27673
008 210402s9999 xx 000 0 und d
020 |b 17.000đ 
082 |a 428.076 
082 |b A442b 
100 |a Jake Allsop 
245 0 |a Penguin English tests with answers; Book 2&3 
245 0 |b Tuyển tập bài thi trắc nghiệm tiếng Anh trình độ B 
245 0 |c Jake Allsop 
260 |a Tp. HCM 
260 |b Nxb. Tp. HCM 
260 |c 1997 
650 |a english language - examinations, questions, etc,english language - problems, exercises, etc 
904 |i Minh, 981231 
980 |a Trung tâm Học liệu Trường Đại học Cần Thơ